Loading...
Visual Arts | 4 | 5 | 1 | 1 | 105 | 16 | 84.22 | 5 | 8 |
Literature - European Literature | 5 | 3 | 1 | 1 | 100 | 46 | 88.75 | 2 | 7 |
Science - Biology | 4 | 3 | 1 | 1 | 85 | 43 | 72.43 | 3 | 5 |
Literature - American Literature | 3 | 3 | 0 | 0 | 75 | 16 | 66.17 | 3 | 5 |
Science - Chemistry | 3 | 3 | 2 | 0 | 65 | 25 | 69.83 | 3 | 5 |
Literature - British Literature | 1 | 5 | 0 | 0 | 65 | 45 | 88.67 | 2 | 4 |
Science - Other Science | 1 | 4 | 0 | 1 | 55 | 33 | 79.00 | 0 | 2 |
Science - Physics | 0 | 6 | 1 | 1 | 55 | 77 | 104.50 | 0 | 4 |
Literature - World Literature | 3 | 1 | 1 | 0 | 50 | 26 | 55.25 | 1 | 4 |
Social Science | 2 | 2 | 1 | 1 | 45 | 50 | 78.25 | 2 | 4 |
Philosophy | 0 | 3 | 0 | 1 | 30 | 82 | 106.33 | 0 | 2 |
Auditory Arts | 0 | 2 | 0 | 0 | 20 | 89 | 94.50 | 1 | 2 |
Beliefs | 0 | 1 | 0 | 0 | 10 | 112 | 112.00 | 1 | 1 |
Geography | 0 | 1 | 0 | 0 | 10 | 78 | 78.00 | 1 | 1 |
History - American History | 0 | 1 | 0 | 0 | 10 | 80 | 80.00 | 1 | 1 |
Fine Arts - Other Arts | 1 | 0 | 1 | 0 | 10 | 34 | 34.00 | 1 | 1 |